00486nam a2200157Ia 4500008004100000020001500041082001400056100002200070245007700092250000700169260003800176300002400214500001900238600002100257650005000278240925s9999 xx 000 0 und d a8126503742 a005.8 AND aRoss , Anderson 0aSecurity Engineering: a guide to building dependable distributed systems aNA aLondon:bJohn Wiley Sonsc,2003. a396p.bNAfOriginal aIncludes Index aComputer Science aComputer science, information & general works